00803nam a2200217 i 4500001000700000003000900007005001700016007000300033008004100036080001000077100003300087245009100120260003900211300002900250490005000279650003700329830005800366852002100424999001900445952012100464135574ES-MaACL20250815150617.0t|070719s1910 it ||||1| ita d a78.011 aTorrefranca, Fausto.911080313aLa vita musicale dello spirito b: la musica, le arti, il drama /cFausto Torrefranca. aTorino : bFratelli Bocca, c1910. aXXVII, 420 p. ; c20 cm.1 aPiccola Biblioteca di Scienze Moderne ; v182 7aEstética musical2embne9125480 aPiccola Biblioteca di Scienze Moderne ; v1829187013 aES-MaACLjF-6077 c135574d135574 00104070aATENEOMbATENEOMcDEPO2d2008-01-17eSCl0oF-6077p1141101r2023-02-23 00:00:00w2023-02-23yMONOGRAFIA